[Event "Dimitrovgrad op"]
[Site "Dimitrovgrad"]
[Date "2008.08.08"]
[Round "5"]
[White "Dmitriev, Valery"]
[Black "Elkin, Alexander"]
[Result "0-1"]
[WhiteElo "1952"]
[BlackElo "2186"]
[PlyCount "90"]
[EventDate "2008.08.05"]
[EventType "swiss"]
[EventRounds "9"]
[EventCountry "RUS"]
[SourceTitle "EXT 2022"]
[Source "ChessBase"]
[SourceDate "2021.10.06"]
[SourceVersion "1"]
[SourceVersionDate "2021.10.06"]
[SourceQuality "1"]

1. Nf3 e6 2. g3 b6 3. Bg2 Bb7 4. 0-0 d6 5. d3 Nd7 6. e4 g6 7. Re1 Bg7 8. Nbd2 Ne7 9. Nc4 0-0 10. c3 h6 11. Ne3 g5 12. h4 Ng6 13. hxg5 hxg5 14. Ng4 f6 15. d4 Qe8 16. Qb3 Rf7 17. Bd2 c5 18. Rad1 Rc8 19. Bf1 Ndf8 20. Bc4 Bc6 21. Qc2 b5 22. Bf1 a5 23. d5 Bd7 24. c4 b4 25. a3 bxa3 26. Bxa5 Ra8 27. Bc3 axb2 28. Qxb2 e5 29. Ne3 Qc8 30. Rb1 Nh7 31. Qb7 Qe8 32. Qb6 Bf8 33. Be2 Ra3 34. Qb2 Ra4 35. Ra1 Rxa1 36. Rxa1 g4 37. Nh2 Ng5 38. Qb1 Nh3+ 39. Kg2 Ngf4+ 40. gxf4 Nxf4+ 41. Kf1 Rh7 42. Bxg4 Rxh2 43. Bf3 Qh5 44. Ke1 Qxf3 45. Qc2 Qh1+ 0-1

[Event "Dimitrovgrad op"]
[Site "Dimitrovgrad"]
[Date "2008.08.07"]
[Round "4"]
[White "Ulanov, Sergei"]
[Black "Dmitriev, Valery"]
[Result "1-0"]
[WhiteElo "2120"]
[BlackElo "1952"]
[PlyCount "131"]
[EventDate "2008.08.05"]
[EventType "swiss"]
[EventRounds "9"]
[EventCountry "RUS"]
[SourceTitle "EXT 2022"]
[Source "ChessBase"]
[SourceDate "2021.10.06"]
[SourceVersion "1"]
[SourceVersionDate "2021.10.06"]
[SourceQuality "1"]

1. e4 g6 2. d4 Bg7 3. Nc3 d6 4. g3 Nf6 5. Bg2 0-0 6. Nge2 a6 7. 0-0 Nbd7 8. h3 Rb8 9. g4 c5 10. d5 b5 11. Ng3 b4 12. Nce2 a5 13. g5 Ne8 14. f4 Qb6 15. Kh1 Ba6 16. Rb1 a4 17. Be3 Bb5 18. Rf2 Qa6 19. h4 Nb6 20. h5 Nc4 21. Bc1 a3 22. b3 Nb2 23. Qe1 Bd7 24. f5 c4 25. fxg6 hxg6 26. hxg6 fxg6 27. Rxf8+ Bxf8 28. Nf4 cxb3 29. axb3 Bg7 30. Be3 a2 31. Ra1 Bg4 32. Bf1 Qa3 33. Nxg6 Nd1 34. Nxe7+ Kf7 35. Rxa2 Qxa2 36. Nc6 Bc3 37. Bd2 Ra8 38. Be2 Bxe2 39. Qxe2 Ng7 40. Bxc3 Nxc3 41. Qf2+ Ke8 42. g6 Qb1+ 43. Kg2 Qxc2 44. Qxc2 Ra2 45. Qxa2 Nxa2 46. Kf3 Nc1 47. Nd4 Nd3 48. Kg4 Kf8 49. Kg5 Nc5 50. Kf4 Ne8 51. Ngf5 Nd3+ 52. Ke3 Ne5 53. Ne6+ Kg8 54. g7 Ng4+ 55. Kd4 Ngf6 56. e5 dxe5+ 57. Kxe5 Nd7+ 58. Kd4 Nef6 59. Ng5 Nh5 60. Ne6 Nhf6 61. d6 Kf7 62. Nf4 Ne8 63. Nh5 Nef6 64. Nxf6 Nxf6 65. Kc5 Ke6 66. Nh6 1-0

[Event "Dimitrovgrad op"]
[Site "Dimitrovgrad"]
[Date "2008.08.06"]
[Round "3"]
[White "Dmitriev, Valery"]
[Black "Tarasov, Vasiliy"]
[Result "1-0"]
[WhiteElo "1952"]
[BlackElo "1450"]
[PlyCount "117"]
[EventDate "2008.08.05"]
[EventType "swiss"]
[EventRounds "9"]
[EventCountry "RUS"]
[SourceTitle "EXT 2022"]
[Source "ChessBase"]
[SourceDate "2021.10.06"]
[SourceVersion "1"]
[SourceVersionDate "2021.10.06"]
[SourceQuality "1"]

1. Nf3 Nf6 2. g3 c6 3. Bg2 d5 4. d3 Nbd7 5. 0-0 g6 6. Re1 Bg7 7. e4 0-0 8. e5 Ng4 9. d4 Nb6 10. Bf4 f6 11. Qc1 g5 12. Bd2 Nh6 13. b3 Bf5 14. h4 Be4 15. hxg5 fxg5 16. Nxg5 Bf5 17. Nc3 Nf7 18. a4 a5 19. Ne2 Nxg5 20. Bxg5 Qe8 21. Nf4 Nc8 22. Bf3 Kh8 23. Kg2 Kg8 24. Rh1 e6 25. c4 Ne7 26. Nh5 Qf7 27. Bf6 Bxf6 28. Nxf6+ Kh8 29. Qg5 Ng8 30. Bh5 Qg7 31. Qxg7+ Kxg7 32. Nxg8 Kxg8 33. Rac1 Rad8 34. c5 Rb8 35. Rc3 b6 36. g4 Be4+ 37. f3 Bg6 38. Kg3 b5 39. axb5 Rxb5 40. Bxg6 hxg6 41. Kh4 Kg7 42. Kg5 Rg8 43. f4 Rb4 44. Rd3 Rgb8 45. Rdh3 Rg8 46. Rh7+ Kf8 47. Ra7 Rxb3 48. Rhh7 Rb8 49. Kf6 Rc8 50. Kxe6 Re8+ 51. Kd6 Rc8 52. e6 Ke8 53. Rxa5 Rf8 54. Re7+ Kd8 55. Rf7 Ke8 56. Raa7 Rxf7 57. Rxf7 Rd8+ 58. Kxc6 Rc8+ 59. Kxd5 1-0

[Event "Zhigulevskie prostory op"]
[Site "Samara"]
[Date "2008.08.01"]
[Round "8"]
[White "Sayapin, Alexander"]
[Black "Dmitriev, Valery"]
[Result "1-0"]
[WhiteElo "2084"]
[BlackElo "1952"]
[PlyCount "42"]
[EventDate "2008.07.25"]
[EventType "swiss"]
[EventRounds "9"]
[EventCountry "RUS"]
[SourceTitle "EXT 2022"]
[Source "ChessBase"]
[SourceDate "2021.10.06"]
[SourceVersion "1"]
[SourceVersionDate "2021.10.06"]
[SourceQuality "1"]

1. e4 g6 2. d4 Bg7 3. Nc3 d6 4. f4 Nf6 5. Nf3 0-0 6. Be3 a6 7. h3 b5 8. e5 dxe5 9. fxe5 Nd5 10. Nxd5 Qxd5 11. Bd3 Nd7 12. 0-0 c5 13. Ng5 f5 14. Be2 cxd4 15. Bf3 Qxe5 16. Bf4 Qc5 17. Bxa8 d3+ 18. Kh1 Nb6 19. Qxd3 Nxa8 20. Qb3+ Qc4 21. Rfd1 Bf6 1-0

[Event "Zhigulevskie prostory op"]
[Site "Samara"]
[Date "2008.07.31"]
[Round "7"]
[White "Dmitriev, Valery"]
[Black "Unitsaev, Vyacheslav"]
[Result "1-0"]
[WhiteElo "1952"]
[BlackElo "1863"]
[PlyCount "66"]
[EventDate "2008.07.25"]
[EventType "swiss"]
[EventRounds "9"]
[EventCountry "RUS"]
[SourceTitle "EXT 2022"]
[Source "ChessBase"]
[SourceDate "2021.10.06"]
[SourceVersion "1"]
[SourceVersionDate "2021.10.06"]
[SourceQuality "1"]

1. e4 e6 2. d4 d5 3. e5 c5 4. f4 cxd4 5. Nf3 Bb4+ 6. Bd2 Bc5 7. b4 Bb6 8. a4 a6 9. Bd3 Nc6 10. Na3 Nge7 11. 0-0 h6 12. Qe1 Nf5 13. a5 Ba7 14. b5 axb5 15. Nxb5 Bc5 16. Bxf5 exf5 17. Nd6+ Kf8 18. Nb5 Be6 19. Qf2 Nxa5 20. Nbxd4 Kg8 21. Kh1 Nc4 22. Nxe6 Bxf2 23. Nxd8 Rxa1 24. Rxa1 Nxd2 25. Nxd2 Be3 26. Nf3 Bxf4 27. Nxb7 Kh7 28. g3 Be3 29. Nd6 Rb8 30. Nxf5 Bc5 31. Rd1 Rd8 32. c4 d4 33. N3xd4 Re8 1-0